|
|
|
|
| LEADER |
02036nam a2200553 4500 |
| 001 |
ocn773669936 |
| 003 |
OCoLC |
| 005 |
20170124070632.1 |
| 006 |
m o d |
| 007 |
cr |n||||||||| |
| 008 |
101014s2011 enka ob 001 0 eng d |
| 040 |
|
|
|a CDX
|b eng
|e pn
|c CDX
|d OCLCQ
|d UIU
|d DG1
|d N$T
|d YDXCP
|d E7B
|d OCLCQ
|d OCLCF
|d OCLCQ
|d COO
|d OCLCQ
|d GrThAP
|
| 019 |
|
|
|a 822565685
|
| 020 |
|
|
|a 9781444395273
|q (electronic bk.)
|
| 020 |
|
|
|a 1444395270
|q (electronic bk.)
|
| 020 |
|
|
|a 9781444395259
|q (electronic bk.)
|
| 020 |
|
|
|a 1444395254
|q (electronic bk.)
|
| 020 |
|
|
|z 9781405184625
|q (hbk. ;
|q alk. paper)
|
| 020 |
|
|
|z 1405184620
|q (hbk. ;
|q alk. paper)
|
| 020 |
|
|
|z 9781405184618
|q (pbk. ;
|q alk. paper)
|
| 020 |
|
|
|z 1405184612
|q (pbk. ;
|q alk. paper)
|
| 024 |
8 |
|
|a 9786613408228
|
| 029 |
1 |
|
|a DEBBG
|b BV041460822
|
| 029 |
1 |
|
|a NLGGC
|b 35546764X
|
| 029 |
1 |
|
|a NZ1
|b 15922029
|
| 035 |
|
|
|a (OCoLC)773669936
|z (OCoLC)822565685
|
| 037 |
|
|
|a 340822
|b MIL
|
| 050 |
|
4 |
|a PN1997.M2544
|b L36 2011eb
|
| 072 |
|
7 |
|a PER
|x 004030
|2 bisacsh
|
| 082 |
0 |
4 |
|a 791.43/72
|2 22
|
| 049 |
|
|
|a MAIN
|
| 100 |
1 |
|
|a Lane, Christina.
|
| 245 |
1 |
0 |
|a Magnolia /
|c Christina Lane.
|
| 264 |
|
1 |
|a Chichester, West Sussex, UK ;
|a Malden, MA :
|b Wiley-Blackwell,
|c 2011.
|
| 300 |
|
|
|a 1 online resource (ix, 119 pages) :
|b illustrations.
|
| 336 |
|
|
|a text
|b txt
|2 rdacontent
|
| 337 |
|
|
|a computer
|b c
|2 rdamedia
|
| 338 |
|
|
|a online resource
|b cr
|2 rdacarrier
|
| 490 |
1 |
|
|a Wiley-Blackwell studies in film and television
|
| 504 |
|
|
|a Includes bibliographical references (pages 111-114) and index.
|
| 588 |
0 |
|
|a Print version record.
|
| 630 |
0 |
0 |
|a Magnolia (Motion picture)
|
| 630 |
0 |
7 |
|a Magnolia (Motion picture)
|2 fast
|0 (OCoLC)fst01392680
|
| 650 |
|
7 |
|a PERFORMING ARTS
|x Film & Video
|x History & Criticism.
|2 bisacsh
|
| 655 |
|
4 |
|a Electronic books.
|
| 776 |
0 |
8 |
|i Print version:
|z 9781405184625
|
| 830 |
|
0 |
|a Wiley-Blackwell studies in film and television.
|
| 856 |
4 |
0 |
|u https://doi.org/10.1002/9781444395273
|z Full Text via HEAL-Link
|
| 994 |
|
|
|a 92
|b DG1
|